Inovácia '82 zborník prednášok na konferenciu

Na minha lista:
Detalhes bibliográficos
Formato: Livro
Idioma:eslovaco
Publicado em: Žilina Dom techniky ČSVTS 1982
Tags: Adicionar Tag
Sem tags, seja o primeiro a adicionar uma tag!

MARC

LEADER 00000nam a2200000 4500
001 c131144
005 20221220100255.5
041 0 |a slo 
044 |a SK 
245 1 0 |a Inovácia '82  |b zborník prednášok na konferenciu 
264 1 |a Žilina  |b Dom techniky ČSVTS  |c 1982 
300 |a 146 s.